An Act for Dividing and Inclosing the Open and Common Fields, Common Meadows, Common Pastures, Common Grounds, and Commonable Lands within the Parish and Liberties of Hook-Norton and Southrop, in the County of Oxford.

Bibliographic Details
Corporate Authors: Hook Norton (England), Southrope (Oxfordshire, England), Great Britain
Format: eBook
Language:English
Published: [Place of publication not identified] : [publisher not identified], 1773.
Series:Making of the modern world (Goldsmiths'-Kress Library of Economic Literature)
Subjects:
Online Access:Connect to the full text of this electronic book

MARC

Tag First Indicator Second Indicator Subfields
LEADER 00000cam a2200000Ia 4500
001 in00002324421
005 20190326204550.0
006 m | d |
007 cr |n||||||||n
008 910920s1773 xx s 000 0 eng d
040 |a TXA  |c GKS  |d OCL  |d Thomson Gale  |d UtOrBLW 
043 |a e-uk--- 
245 0 3 |a An Act for Dividing and Inclosing the Open and Common Fields, Common Meadows, Common Pastures, Common Grounds, and Commonable Lands within the Parish and Liberties of Hook-Norton and Southrop, in the County of Oxford. 
264 1 |a [Place of publication not identified] :  |b [publisher not identified],  |c 1773. 
300 |a 22 pages 
336 |a text  |b txt  |2 rdacontent 
337 |a computer  |b c  |2 rdamedia 
338 |a online resource  |b cr  |2 rdacarrier 
500 |a Caption title. 
500 |a Endorsement dated: 1773. 
500 |a Reproduction of original from Goldsmiths' Library, University of London. 
500 |a Goldsmiths'-Kress number 10965. 
510 4 |a OCLC,  |c 24424712 
533 |a Electronic reproduction.  |b Farmington Hills, Mich. :  |c Thomson Gale,  |d 2005.  |f (The making of the modern world).  |n Available via the World Wide Web.  |n Access limited to licensing agreements.  |7 s2005 miunns 
500 |a Electronic resource. 
650 0 |a Inclosures  |z England  |z Hook Norton. 
650 0 |a Inclosures  |z England  |z Southrope. 
650 0 |a Land tenure  |x Law and legislation  |z Great Britain. 
651 0 |a Hook Norton (England)  |x Economic conditions. 
651 0 |a Southrope (Oxfordshire, England)  |x Economic conditions. 
655 0 |a Electronic books. 
710 1 |a Hook Norton (England) 
710 1 |a Southrope (Oxfordshire, England) 
710 1 |a Great Britain. 
830 0 |a Making of the modern world (Goldsmiths'-Kress Library of Economic Literature) 
856 4 0 |u http://proxy.library.tamu.edu/login?url=http://galenet.galegroup.com/servlet/MOME?af=RN&ae=U101604878&srchtp=a&ste=14&locID=txshracd2898  |z Connect to the full text of this electronic book  |t 0 
999 |a MARS 
999 f f |s 31a20bf3-52dd-3a2b-855e-d248ab9a33a2  |i 591c4f71-e3ca-38d5-91c9-eeaba8b384af  |t 0 
952 f f |a Texas A&M University  |b College Station  |c Electronic Resources  |d Available Online  |t 0  |h No information provided 
998 f f |t 0  |l Available Online